000 00915 a2200205 4500
001 24022
005 20260407155526.0
008 260407a1966 arg spa d
003 AR-UNSa-BCEJYS
040 _aAR-UNSa-BCEJYS
_bspa
_cAR-UNSa-BCEJYS
080 _a657.47
_xContabilidad de Costos
245 1 0 _aContabilidad de costos
250 _a2a. ed
264 1 _aMéxico :
_bUnión Tipográfica Editorial Hispano-Americana (UTEHA)
_c1966
300 _axviii, 777 p.
_c23 cm.
505 _a1. Introducción a la contabilidad de costos - 2. Costos históricos.El sistema de costos por ordenes de producción.Organización administrativo-contable y de control de cada uno de los tres elementos del costo de producción y de la producción en proceso.Informes de costos - 3. Sistemas de costos por procesos.
942 _cBK
590 _aniveau_biblio:m niveau_hierar:0
100 1 _aOrtega Pérez de León, Armando
999 _c1155
_d1155